000 00955nam a22002177a 4500
005 20141204091045.0
008 141202b xxu||||| |||| 00| 0 spa d
040 _cCO-BoIH
041 _aspa
044 _ack
090 _aEA
_b00183
110 1 _aColombia
_bCorporación Autónoma Regional de la Orinoquia-Corporinoquia
_929752
245 1 _aJornadas del Medio Ambiente :
_bManual del Dinamizador
260 _a[Sin lugar de publicación]
_bCorporación Autónoma Regional de la Orinoquia-Corporinoquia
_bCooperativa Nacional de Desarrollo Territorial Ltda-CODETER
_c[Sin fecha]
300 _a89 pag
_bIl.
_c28 cm.
650 6 _aEducación Ambiental
_zRegión Orinoquia (Dpt. Colombia)
_929753
650 4 _aProyectos Ambientales
_zRegión Orinoquia (Dpt. Colombia)
_929754
650 _aLiderazgo y Medio Ambiente
_zRegión Orinoquia (Dpt. Colombia)
_929755
650 6 _aDesarrollo Rural
_zRegión Orinoquia (Dpt. Colombia)
_929756
942 _2z
_cLIBRO
999 _c8859
_d8859